| 000 | 01709cam a22004094i 4500 | ||
|---|---|---|---|
| 003 | PE-LiUPU | ||
| 005 | 20250731175646.0 | ||
| 008 | 150616s r 000 0 d | ||
| 020 | _a9652226122 | ||
| 035 | _a(Sirsi) i9789652226129 | ||
| 040 |
_aPE-LiUPU _bspa _cPE-LiUPU _erda |
||
| 049 | _aPRUA | ||
| 082 | 0 | 4 |
_a417.7 _bD63N _221 |
| 100 | 1 |
_aDeutsch, R., _eautor. |
|
| 245 | 1 | 0 |
_aNew Epigraphic Evidence from the Biblical Period / _cR. Deutsch. |
| 264 | 1 |
_aTel Aviv-Jaffa Israel : _bArchaeological Center Publication, _c1995. |
|
| 300 |
_a116 páginas : _bilustraciones ; _c25 centímetros |
||
| 336 |
_atext _2rdacontent |
||
| 337 |
_aunmediated _2rdamedia |
||
| 338 |
_avolume _2rdacarrier |
||
| 505 | 0 | _aNine inscribed arrowheads.- A wine decanter with a phoenician inscription.- A bowl with a phoenician inscription.- A jar with a phoenician inscription.- Two seal impressions on jar handles.- Ten hebrew seal impressions on bullae.- Twelve private seals.- A hebrew seal mould.- Four hebrew ostraca.- Bibliography.- Indices. | |
| 526 | _aP145 | ||
| 526 | _aP127 | ||
| 526 | _aP97 | ||
| 526 | _aP35 | ||
| 526 | _aP14 | ||
| 526 | _aP07 | ||
| 650 | 0 | 4 | _aINSCRIPCIONES SEMITICAS. |
| 700 | 1 | _aHeltzer, M. | |
| 910 |
_ajck _bjvq _cjck |
||
| 942 |
_2ddc _cBOOK |
||
| 949 |
_a417.7 D63N _wDEWEY _c1 _i43303 _lCCODEBUL1 _mBUL _r0 _sY _tBOOK _u2015-6-16 _xTEOLOGIA _zUNKNOWN _0COMPRA _o.STAFF. Colección General |
||
| 994 |
_aC0 _bPEPRU |
||
| 596 | _a1 | ||
| 999 |
_a417.7 D63N _wDEWEY _c61271 _i43303 _f2021-11-8 _g5 _lCCODEBUL1 _mBUL _r0 _sY _tBOOK _u2015-6-16 _xEDUCACION _zUNKNOWN _0COMPRA _o.STAFF. Colección General _d61271 |
||
| 980 |
_81 _gALBERTO SANCHEZ Responsable de Automatización |
||